Champions du monde de F1 - Statistiques

Statistiques générales
  • Ce quiz a été pris 7 357 fois
    6 536 depuis la dernière actualisation
  • Le résultat moyen est 48 sur 73
Statistiques - réponses
Hint Réponse % Correct
2021 Max Verstappen
98%
2022 Max Verstappen
98%
2008 Sir Lewis Hamilton
98%
2014 Sir Lewis Hamilton
98%
2015 Sir Lewis Hamilton
98%
2017 Sir Lewis Hamilton
98%
2018 Sir Lewis Hamilton
98%
2019 Sir Lewis Hamilton
98%
2020 Sir Lewis Hamilton
98%
1994 Michael Schumacher
92%
1995 Michael Schumacher
92%
2000 Michael Schumacher
92%
2001 Michael Schumacher
92%
2002 Michael Schumacher
92%
2003 Michael Schumacher
92%
2004 Michael Schumacher
92%
2010 Sebastian Vettel
92%
2011 Sebastian Vettel
92%
2012 Sebastian Vettel
92%
2013 Sebastian Vettel
92%
1988 Ayrton Senna
90%
1990 Ayrton Senna
90%
1991 Ayrton Senna
90%
2005 Fernando Alonso
90%
2006 Fernando Alonso
90%
1985 Alain Prost
89%
1986 Alain Prost
89%
1989 Alain Prost
89%
1993 Alain Prost
89%
2016 Nico Rosberg
76%
2009 Jenson Button
75%
2007 Kimi Raikkonen
75%
1951 Juan-Manuel Fangio
72%
1954 Juan-Manuel Fangio
72%
1955 Juan-Manuel Fangio
72%
1956 Juan-Manuel Fangio
72%
1957 Juan-Manuel Fangio
72%
1997 Jacques Villeneuve
70%
1975 Niki Lauda
70%
1977 Niki Lauda
70%
1984 Niki Lauda
70%
1998 Mika Hakkinen
61%
1999 Mika Hakkinen
61%
1982 Keke Rosberg
56%
1952 Alberto Ascari
54%
1953 Alberto Ascari
54%
1981 Nelson Piquet
53%
1983 Nelson Piquet
53%
1987 Nelson Piquet
53%
1976 James Hunt
52%
1996 Damon Hill
47%
1992 Nigel Mansell
47%
1950 Nino Farina
46%
1972 Emerson Fittipaldi
40%
1974 Emerson Fittipaldi
40%
1969 Sir Jackie Stewart
40%
1971 Sir Jackie Stewart
40%
1973 Sir Jackie Stewart
40%
1962 Graham Hill
35%
1968 Graham Hill
35%
1959 Jack Brabham
33%
1960 Jack Brabham
33%
1966 Jack Brabham
33%
1961 Phil Hill
31%
1963 Jim Clark
30%
1965 Jim Clark
30%
1978 Mario Andretti
29%
1979 Jody Scheckter
27%
1980 Alan Jones
26%
1958 Mike Hawthorn
22%
1970 Jochen Rindt
21%
1964 John Surtees
21%
1967 Denny Hulme
20%
Aucun quiz correspondant
Distribution des résultats
% des personnes avec chaque résultat
Percentile par nombre de réponses
Votre historique - résultats
Vous n’avez pas pris ce quiz depuis la dernière actualisation